ბათუმის შოთა რუსთაველის სახელმწიფო უნივერსიტეტის ბიბლიოთეკა

საკორპორაციო სამართლის სახელმძღვანელო / (ბიბ.ჩანაწერი № 62129)

000 -ლიდერი
ფიქსირებული სიგრძის საკონტროლო ველი 01525nam a22002537a 4500
003 - საკონტროლო ნომრის იდენტიფიკატორი
საკონტროლო ველი Ge_BSU
005 - ბოლო ოპერაციის თარიღი და დრო
საკონტროლო ველი 20240718103407.0
008 - ფიქსირებული სიგრძის მონაცემთა ელემენტები - ზოგადი ინფორმაცია
ფიქსირებული სიგრძის საკონტროლო ველი 240718s2023 ge ||||| |||| 00| 0 geo d
020 ## - წიგნის საერთაშორისო სტანდარტული ნომერი
International Standard Book Number 9789941977800
041 ## - ენის კოდი
Language code of text/sound track or separate title geo
080 ## - უნივერსალური ათობითი კლასიფიკაციის ინდექსი
Universal Decimal Classification number 346.27(479.22)(075.8)ს-19
245 ## - ცნობა სათაურის შესახებ
Title საკორპორაციო სამართლის სახელმძღვანელო /
Statement of responsibility, etc ირაკლი ბურდული, გიორგი მახარობლიშვილი, ანა თოხაძე [და სხვა] ;
250 ## - გამოცემის ცნობა
Edition statement მესამე გადამუშავებული გამოცემა
264 ## - წარმოების, გამოცემის, დისტრიბუციის და სხვა ცნობები
გამოცემის, წარმოების, დისტრიბუციის... ადგილი თბილისი :
გამოცემის, წარმოების, დისტრიბუციის... სახელწოდება მერიდიანი,
გამოცემის, წარმოების, დისტრიბუციის... თარიღი 2023.
300 ## - ფიზიკური აღწერა
Extent 752 გვ.:
Other physical details 21 სმ.
653 ## - INDEX TERM--UNCONTROLLED
Uncontrolled term საქართველოს საკორპორაციო სამართალი
653 ## - INDEX TERM--UNCONTROLLED
Uncontrolled term საქართველოს სამეწარმეო სამართალი
653 ## - INDEX TERM--UNCONTROLLED
Uncontrolled term სამართალი
700 ## - ADDED ENTRY--PERSONAL NAME
Personal name ბურდული, ირაკლი
9 (RLIN) 7029
700 ## - ADDED ENTRY--PERSONAL NAME
Personal name მახარობლიშვილი, გიორგი
9 (RLIN) 9266
700 ## - ADDED ENTRY--PERSONAL NAME
Personal name თოხაძე, ანა
Relator term და სხვა
9 (RLIN) 22866
710 ## - ADDED ENTRY--CORPORATE NAME
Corporate name or jurisdiction name as entry element საკორპორაციო, საბანკო და ეკონომიკური სამართლის ინსტიტუტი, (თსუ იურიდიული ფაკულტეტი).
9 (RLIN) 22867
942 ## - ADDED ENTRY ELEMENTS (KOHA)
Source of classification or shelving scheme
Koha item type წიგნი
ეგზემპლარები
ჩამოწერის სტატუსი დაკარგული ეგზემპლარის სტატუსი კლასიფიკაციის წყარო ან თაროზე გაწყობის სქემა დაზიანების სტატუსი არ გაიცემა მუდმივი მდებარეობა (დაცვის ადგილი) ამჟამინდელი ადგილსამყოფელი თაროზე განთავსების ადგილი შეძენის თარიღი ღირებულება, შესყიდვის ნორმალური ფასი სრული შენახვის შიფრი შტრიხკოდი ბოლო ოპერაციის თარიღი ეგზემპლარის მიმდევრობითი ნომერი (კეტერი?) ფასის ძალაში შესვლის თარიღი ეგზემპლარის სახეობა საჯარო შენიშვნა
          ბათუმის შოთა რუსთაველის სახელმწიფო უნივერსიტეტის მთავარი ბიბლიოთეკა ბათუმის შოთა რუსთაველის სახელმწიფო უნივერსიტეტის მთავარი ბიბლიოთეკა წიგნსაცავი 2024-07-18 39.00 346.27(479.22)(075.8)ს-19 68774 2024-07-18 68774 2024-07-18 წიგნი 39ლ.20თ.
          ბათუმის შოთა რუსთაველის სახელმწიფო უნივერსიტეტის მთავარი ბიბლიოთეკა ბათუმის შოთა რუსთაველის სახელმწიფო უნივერსიტეტის მთავარი ბიბლიოთეკა წიგნსაცავი 2025-06-23 37.80 346.27(479.22)(075.8)ს-19 71929 2025-06-23 71929 2025-06-23 წიგნი 37 ლ. 80 თ.
          ბათუმის შოთა რუსთაველის სახელმწიფო უნივერსიტეტის მთავარი ბიბლიოთეკა ბათუმის შოთა რუსთაველის სახელმწიფო უნივერსიტეტის მთავარი ბიბლიოთეკა წიგნსაცავი 2025-06-23 37.80 346.27(479.22)(075.8)ს-19 71930 2025-06-23 71930 2025-06-23 წიგნი 37 ლ. 80 თ.